| 000 | 00410cam a2200169ua 4500 | ||
|---|---|---|---|
| 020 | _c2.00 | ||
| 041 |
_amal _h |
||
| 082 |
_a894.812308 _bHEM/KI |
||
| 100 | _aHemingway, Ernest . | ||
| 245 |
_aKizhavanum kadalum / _cErnest Hemingway. _hTextual Documents |
||
| 260 |
_aKollam : _bM S Book Depot , _c1963. |
||
| 300 | _a164 ; . | ||
| 365 | _a2.00 | ||
| 504 | _a | ||
| 942 | _cBK | ||
| 999 |
_c5203 _d5203 |
||